| 000 | 00418cam a2200169ua 4500 | ||
|---|---|---|---|
| 041 |
_aeng _h |
||
| 082 |
_a823.301 _bTOL/EM |
||
| 100 | _aTolstoy, Leo . | ||
| 245 |
_aEmpty drum and other stories / _cLeo Tolstoy. _hTextual Documents |
||
| 250 |
_a1 / _b. |
||
| 260 |
_aLondon : _bOxford University Press , _c1964. |
||
| 300 | _a94 ; . | ||
| 504 | _a | ||
| 942 | _cBK | ||
| 999 |
_c2436 _d2436 |
||